000 00875nas a2200277 4500
001 BR2012007800
003 BR-BrBNA
005 20231205121330.0
007 ta
008 230509b bl.|||p| |||| 00| 00por d
040 _aBR-BrBNA
_bpor
_cBiblioteca Nacional de Agricultura
041 _a(Pt)
072 _aM12; L53
100 1 _aTiba, R.M.
100 1 _aOliveira, I. da R.
100 1 _aSerralheiro, P.C. da S.
100 1 _aOstini, S.
245 1 _aDiluentes e proporções sêmen: diluente na crioconservação do sêmen de robalo-peva Centropomus parallelus
650 _aROBALO
650 _aPEIXE MARINHO
650 _aSÊMEN
650 _aFECUNDAÇÃO ANIMAL
773 0 _tBoletim do Instituto de Pesca (Brazil)
_xISSN 0046-9939
_g(Jan-Mar 2009), v. 35(1) p. 99-110
_wBR2012007800
909 _a202311
_bLúcia
_c55
_dLúcia Elande
942 _2AGRIS
_n0
_cANA
999 _c222993
_d222993